Statistics for Biggest U.S. Colleges Quiz

Click here to take the quiz!

General Stats

  • This quiz has been taken 10,365 times
    (10,361 since last reset)
  • The average score is 6 of 20

Answer Stats

TypeEnrollmentUniversity% Correct
Public51,195Texas (Austin)
75%
Public49,827Florida
74%
Public56,064Ohio State
61%
Private34,828Southern Cal
60%
Public44,034Penn State
52%
Public47,131Michigan State
46%
Private43,404New York University
42%
Public58,371Arizona State
41%
Public49,129Texas A&M
38%
Public42,099Wisconsin (Madison)
37%
Public51,721Minnesota
29%
Private31,960Boston University
26%
Private34,130Brigham Young
17%
Private24,230Columbia
15%
Public56,235Central Florida
14%
Private25,061George Washington
3%
Private25,072DePaul
1%
Private32,029Excelsior College
0%
Private29,154Nova Southeastern
0%
Private24,258Long Island University
0%

Score Distribution

Percentile by Number Answered

Percent of People with Each Score

Your Score History

You have not taken this quiz since the last reset